Fluid Mechanics and Fluid Power Engineering (Record no. 1620)

MARC details
000 -LEADER
fixed length control field 00365nam a2200145Ia 4500
008 - FIXED-LENGTH DATA ELEMENTS--GENERAL INFORMATION
fixed length control field 191201s2004 xx 000 0 und d
082 ## - DEWEY DECIMAL CLASSIFICATION NUMBER
Classification number 620.1
Item number KUF
100 ## - MAIN ENTRY--PERSONAL NAME
Personal name KUMAR, D S
245 #0 - TITLE STATEMENT
Title Fluid Mechanics and Fluid Power Engineering
250 ## - EDITION STATEMENT
Edition statement 6th
260 ## - PUBLICATION, DISTRIBUTION, ETC. (IMPRINT)
Place of publication, distribution, etc N.Delhi
Name of publisher, distributor, etc S K Kataria and Sons
Date of publication, distribution, etc 2004
300 ## - PHYSICAL DESCRIPTION
Extent 18.22
650 ## - SUBJECT ADDED ENTRY--TOPICAL TERM
Topical term or geographic name as entry element B.Tech(ME)
942 ## - ADDED ENTRY ELEMENTS (KOHA)
Source of classification or shelving scheme Dewey Decimal Classification
Koha item type Text Books
Holdings
Withdrawn status Lost status Source of classification or shelving scheme Damaged status Not for loan Collection code Home library Current library Date acquired Source of acquisition Cost, normal purchase price Bill Number Total Checkouts Full call number Acc. no. / Barcode Date last seen Bill Date Koha item type Date last borrowed
    Dewey Decimal Classification     B.Tech(ME) PIET C-LIBRARY PIET C-LIBRARY 19/08/2006 M/s UDH , Delhi 290.00 125382   620.1 KUF 2806 04/12/2019 23/08/2005 Text Books  
    Dewey Decimal Classification     B.Tech(ME) PIET C-LIBRARY PIET C-LIBRARY 19/08/2006 M/s UDH , Delhi 290.00 125382   620.106 KUF 2807 04/12/2019 23/08/2005 Text Books  
    Dewey Decimal Classification     B.Tech(ME) PIET C-LIBRARY PIET C-LIBRARY 19/08/2006 M/s UDH , Delhi 290.00 125382 2 620.106 KUF 2808 11/05/2022 23/08/2005 Text Books 02/05/2022
    Dewey Decimal Classification     B.Tech(ME) PIET C-LIBRARY PIET C-LIBRARY 19/08/2006 M/s UDH , Delhi 290.00 125382 3 620.106 KUF 2809 17/06/2025 23/08/2005 Text Books 03/06/2025
    Dewey Decimal Classification     B.Tech(ME) PIET C-LIBRARY PIET C-LIBRARY 19/08/2006 M/s UDH , Delhi 290.00 125382 2 620.106 KUF 2810 24/06/2024 23/08/2005 Text Books 20/06/2024

Design & Developed by: PIET Central Library
R70 Miles Stone Pattikalyana Samalkha Panipat 132102
mail ID :- [email protected], Phone No:- 0180-2569700 Ex.216